[Event "TUR-ch U13/18 Girls"]
[Site "Antalya"]
[Date "2023.01.26"]
[Round "7"]
[White "Senel, Duru"]
[Black "Bursali, Ela"]
[Result "0-1"]
[WhiteElo "1179"]
[BlackElo "1506"]
[PlyCount "118"]
[EventDate "2023.01.17"]
[EventType "swiss"]
[EventRounds "9"]
[EventCountry "TUR"]
[SourceTitle "EXT 2024"]
[Source "ChessBase"]
[SourceDate "2023.10.10"]
[SourceVersion "1"]
[SourceVersionDate "2023.10.10"]
[SourceQuality "1"]

1. d4 d5 2. c4 e6 3. Nc3 Nf6 4. cxd5 exd5 5. Bg5 Nbd7 6. e3 c6 7. Bd3 Be7 8. Qc2 0-0 9. f3 Re8 10. Bh4 Nf8 11. Bf2 c5 12. Nge2 c4 13. Bf5 a6 14. a4 Bxf5 15. Qxf5 b5 16. Nf4 Bb4 17. 0-0 Bxc3 18. bxc3 Ne6 19. Nxe6 fxe6 20. Qc2 Rb8 21. axb5 axb5 22. e4 Rb6 23. e5 Nd7 24. Ra7 Nb8 25. Rfa1 Nc6 26. R7a6 Rxa6 27. Rxa6 Qc8 28. Rb6 Qd7 29. Qa2 Rb8 30. Rxb8+ Nxb8 31. Qa8 Qc7 32. Bh4 Kf7 33. Qa3 Nc6 34. Qc5 Qb7 35. Be1 Ne7 36. Bh4 Nc6 37. Be1 Ne7 38. Bh4 Ng6 39. Bg3 h6 40. Qa3 Ne7 41. h4 Nf5 42. Bf2 Ne7 43. h5 Nc6 44. Be1 b4 45. cxb4 Nxd4 46. Qb2 Nc6 47. Bc3 Qb6+ 48. Kf1 d4 49. Be1 Qb5 50. Qc1 c3+ 51. Kg1 Qxe5 52. Qb1 c2 53. Qxc2 Qxe1+ 54. Kh2 Qh4+ 55. Kg1 Qe1+ 56. Kh2 Qe5+ 57. Kg1 Nxb4 58. Qa4 Nd5 59. Qa7+ Ne7 0-1